| 000 | 01007nam a22002897a 4500 | ||
|---|---|---|---|
| 001 | BR9100790 | ||
| 003 | BR-BrBNA | ||
| 005 | 20230928093521.0 | ||
| 007 | ta | ||
| 008 | 230509b bl.||||| |||| 00| 0 por d | ||
| 040 |
_aBR-BrBNA _bpor _cBiblioteca Nacional de Agricultura |
||
| 041 | _a(Por) | ||
| 072 |
_aL02; Q54 _b5300 _b8954 _b3730 |
||
| 090 | _ 5300 BR9100790 | ||
| 100 | 1 | _aMarinho, S.F. | |
| 110 | 1 |
_aUniversidade Federal de Vicosa, MG (Brasil) _0Tese (Magister Scientiae) |
|
| 245 | 1 | _aExigencia nutricional de lisina e avaliacao de racoes formuladas com valores de lisina total e digestivel, para suinos em terminacao | |
| 260 | 3 |
_aVicosa, MG (Brasil): _c1990. |
|
| 300 | _a77 p. | ||
| 500 | _a27 tables; Bibliography p. 57-63 (62 ref.); Summary (Por). (*) Documento disponível na(o) Universidade Federal de Vicosa, MG (Brazil) | ||
| 650 | _aSUINO | ||
| 650 | _aRACAO | ||
| 650 | _aLISINA | ||
| 650 | _aEXIGENCIA NUTRICIONAL | ||
| 909 |
_a202309 _bLucia _c55 _dLucia Elande |
||
| 942 | _cBK | ||
| 999 |
_c45452 _d45452 |
||